=LDR 00000nam 2200000 4500 =001 INLIS000000000032426 =005 20250307011606 =035 ##$$a 0010-061300000032426 =008 250307################c##########0#ind## =041 ##$$a ind =082 ##$$a 028.5 =090 ##$$a 028.5, Cen a =100 ##$$a CENDIKA, Dewi =245 1#$$a Aisyah Muslimah Yang Cerdas, Dewi Cendika ; Penyunting, Dadan Ramadhan =260 ##$$a Bandung :$b DAR! Mizan,$c 2009 =300 ##$$a 114 hlm. ; $c 19 x 14 cm. =700 #$$a Ramadhan, Dadan =850 ##$$a NBPNMAT =020 ##$$a 978-979-752-917-8 =084 ##$$a 028.5 CEN a =990 ##$$a 0001/BPAP-NTB/20142014